000 01788nam a2200457 i 4500
001 ELB69962
003 FlNmELB
006 m o d |
007 cr cnu||||||||
008 160424s2015 ck o 001 0 spa d
020 _z9789587416121
020 _a9789587416138 (e-book)
035 _a(MiAaPQ)EBC4422266
035 _a(Au-PeEL)EBL4422266
035 _a(CaPaEBR)ebr11162315
035 _a(OCoLC)984826031
040 _aFINmELB
_bspa
_erda
_cFINmELB
050 4 _aKHH2900
_bD286 2015
080 _a342
082 0 _a342.861
_223
245 0 0 _aDebates contemporáneos sobre derecho público en Colombia /
_cViridiana Molinares Hassan (editora) ; María Lourdes Ramírez Torrado [y otros 6].
264 1 _aBarranquilla :
_bUniversidad del Norte,
_c[2015]
300 _a1 recurso en línea (188 páginas)
336 _atexto
_btxt
_2rdacontent/spa
337 _acomputadora
_bc
_2rdamedia/spa
338 _arecurso en línea
_bcr
_2rdacarrier/spa
490 1 _aColección Jurídica
500 _aCopntiene índice.
588 _aDescripción basada en recurso en línea; Título de la página del título en PDF (e-libro, visto April 24, 2016).
590 _aRecurso electronico. Santa Fe, Arg. : e-libro, 2016. Disponible via World Wide Web. El acceso puede ser limitado para las bibliotecas afiliadas a e-libro.
650 0 _aPublic law
_zColombia.
650 4 _aDerecho público
_zColombia.
650 0 _aAdministrative law
_zColombia.
650 4 _aDerecho administrativo
_zColombia.
655 4 _aLibros electrónicos.
700 1 _aMolinares Hassan, Viridiana,
_eeditora.
700 1 _aRamírez Torrado, María Lourdes.
797 2 _ae-libro, Corp.
830 0 _aColección Jurídica.
856 4 0 _uhttps://elibro.net/ereader/usam/69962
999 _c139667
_d139667